[Event "HCL-B3714"]
[Site "www.playchess.de"]
[Date "2006.01.16"]
[Round "20"]
[White "handrej68"]
[Black "bossjos"]
[WhiteElo "1446"]
[BlackElo "1272"]
[PlyCount "60"]
[Result "0-1"]

1.d4 {hallo, good game}  d5 {same to you}  2.Bg5 
f6 3.Bf4 Nc6 4.Nf3 e6 5.e3 Bb4+ 6.c3 Ba5 7.Nbd2 
Nge7 8.Bd3 O-O 9.O-O Ng6 10.Bxg6 hxg6 11.e4 Kf7 
12.e5 Rh8 13.Nb3 Bb6 14.Re1 Bd7 15.Qe2 g5 16.Be3 
Rh7 17.Nfd2 Qh8 18.h3 Ke7 19.Qg4 Rh4 20.exf6+ gxf6 
21.Qg3 Rg8 22.Nf3 Rh7 23.Nc5 Bxc5 24.dxc5 g4 
25.Nd4 gxh3 26.Nxc6+ bxc6 27.Qxc7 hxg2 28.Qd6+ Kd8 
29.Qb8+ Ke7 30.Qd6+ Ke8 0-1

[Event "HCL-C4013"]
[Site "www.playchess.de"]
[Date "2006.01.16"]
[Round "7"]
[White "Maneco"]
[Black "notty"]
[WhiteElo "800"]
[BlackElo "800"]
[PlyCount "29"]
[Result "1-0"]

1.c4 {Hello!}  g5 2.e4 e6 {hi. como es? you speak 
español?}  3.d3 g4 4.Qxg4 Nh6 5.Bxh6 Bxh6 6.Nh3 f6 
7.Qh5+ Kf8 8.Qxh6+ Ke8 9.Qg7 Rg8 10.Qxg8+ Ke7 
11.Qxh7+ Kd6 12.Nc3 a5 13.d4 b6 14.Be2 Nc6 
15.Nb5+ 1-0

[Event "HCL-B3770"]
[Site "www.playchess.de"]
[Date "2006.01.16"]
[Round "2"]
[White "arsenio"]
[Black "DrNickRiviera"]
[WhiteElo "1116"]
[BlackElo "1146"]
[PlyCount "53"]
[Result "1-0"]

1.e4 e5 2.Nf3 Nc6 3.Bb5 Nf6 4.O-O Bc5 5.h3 O-O 
6.d3 Nd4 7.Nxd4 Bxd4 8.c3 Bb6 9.Bg5 c6 10.Ba4 d5 
11.Nd2 h6 12.Bh4 d4 13.cxd4 Bxd4 14.Rb1 Be6 15.Nf3 
Qd6 16.Bxf6 gxf6 17.Nxd4 exd4 18.a3 Qe5 19.f4 Qd6 
20.f5 Bd7 21.Qh5 Kh7 22.Rf3 Be8 23.Rbf1 Rg8 
24.R3f4 b5 25.Bb3 Qc7 26.Rh4 Rh8 
27.Qxh6+ 1-0

[Event "HCL-E1417"]
[Site "www.playchess.de"]
[Date "2006.01.16"]
[Round "14"]
[White "Kalango"]
[Black "Vince"]
[WhiteElo "1977"]
[BlackElo "1626"]
[PlyCount "100"]
[Result "0-1"]

1.d4 f5 2.c4 Nc6 3.Nf3 d6 4.Nc3 Nf6 5.e3 e6 6.Be2 
d5 7.O-O Bd6 8.Nb5 O-O 9.Nxd6 cxd6 10.Bd2 dxc4 
11.Bxc4 Ne4 12.d5 exd5 13.Bxd5+ Kh8 14.Be1 Re8 
15.Rc1 Be6 16.Bxc6 bxc6 17.Nd4 c5 18.Nxe6 Rxe6 
19.Qd5 Re5 20.Qd3 Qg8 21.f3 Rd5 22.Qa6 Nf6 23.Bg3 
Rb8 24.b3 Qe6 25.Rfe1 Qd7 26.Rcd1 Rb6 27.Qc4 Rxd1 
28.Rxd1 Rb4 29.Qd3 d5 30.Be5 Qe6 31.Qc3 a5 32.Bxf6 
gxf6 33.Qxc5 Rb8 34.Rxd5 Rc8 35.Rd6 Rxc5 36.Rxe6 
Kg7 37.a4 Rc3 38.Kf2 Rxb3 39.Ra6 Rb2+ 40.Kg3 Re2 
41.h4 Rxe3 42.Rxa5 Kg6 43.Kf4 Re2 44.g3 h5 45.Rxf5 
Rc2 46.Ra5 Rc4+ 47.Ke3 Rb4 {(offering draw)}  
48.Ra6 Rb3+ 49.Ke4 Rb4+ 50.Kd5 
Rb1 0-1

[Event "HCL-B3678"]
[Site "www.playchess.de"]
[Date "2006.01.16"]
[Round "10"]
[White "bossjos"]
[Black "Jeffery_Lau"]
[WhiteElo "1261"]
[BlackElo "1017"]
[PlyCount "29"]
[Result "1-0"]

1.e4 c5 2.Nf3 d6 3.d4 Nc6 4.Bb5 Bd7 5.Nc3 a6 
6.Bxc6 Bxc6 7.d5 Bb5 8.Nxb5 axb5 9.Be3 Nf6 10.Nd2 
g6 11.f3 Bg7 12.c3 O-O 13.O-O Re8 14.Nb3 b6 
15.a3 1-0

[Event "HCL-A2531"]
[Site "www.playchess.de"]
[Date "2006.01.16"]
[Round "18"]
[White "seisan"]
[Black "scaper"]
[WhiteElo "1491"]
[BlackElo "1324"]
[PlyCount "84"]
[Result "0-1"]

1.d4 {hi}  d5 2.Nf3 e6 3.Bf4 c5 4.c3 Nf6 5.e3 Nbd7 
6.Nbd2 b6 7.Bb5 a6 8.Ba4 b5 9.Bc2 Bb7 10.O-O Rc8 
11.Bg5 h6 12.Bxf6 Nxf6 13.Ne5 Bd6 14.f4 Bxe5 
15.fxe5 Ne4 16.Nxe4 dxe4 17.Qg4 Qg5 18.Qxg5 hxg5 
19.Rf2 c4 20.Raf1 Rc7 21.a4 Bc6 22.axb5 axb5 
23.Ra1 Ke7 24.Ra5 f6 25.exf6+ gxf6 26.b3 Ra8 
27.Rxa8 Bxa8 28.b4 Ra7 29.h3 Ra3 30.g3 Rxc3 31.h4 
Rxe3 32.hxg5 Rxg3+ 33.Kf1 Rxg5 34.Rh2 Kd6 35.Rh6 
f5 36.Rh8 Bc6 37.Rd8+ Ke7 38.Rc8 Bd7 39.Rc5 Rg3 
40.d5 Kd6 41.dxe6 Kxe6 42.Kf2 Ra3 0-1

[Event "HCL-B3813"]
[Site "www.playchess.de"]
[Date "2006.01.16"]
[Round "2"]
[White "blue"]
[Black "dynamike"]
[WhiteElo "858"]
[BlackElo "1541"]
[PlyCount "115"]
[Result "1-0"]

1.e4 c5 2.Nf3 e6 3.Bc4 Nc6 4.a3 Qc7 5.d3 Nf6 6.Nc3 
a6 7.Ba2 Be7 8.Be3 Ng4 9.Qd2 Nxe3 10.Qxe3 d6 11.h3 
b5 12.O-O b4 13.axb4 Nxb4 14.Bb3 Bb7 15.Qd2 O-O 
16.Qe2 Rfe8 17.Na2 d5 18.e5 Bc6 19.Nxb4 cxb4 
20.Rfc1 a5 21.Ba4 Bxa4 22.Rxa4 Ra7 23.d4 Qc6 24.b3 
Qc3 25.Qb5 Rea8 26.Raa1 h6 27.Ra2 Kh7 28.Rd1 Qc7 
29.Rc1 Rb7 30.Qd3+ g6 31.h4 Kg7 32.Qd2 Rba7 33.Qf4 
a4 34.Qe3 a3 35.c3 Qb6 36.c4 dxc4 37.Rxc4 Rc7 
38.Qe2 Rac8 39.Rxc7 Rxc7 40.Qe4 Rc3 41.Nd2 f5 
42.Nc4 Qb8 43.Qf4 Rxb3 44.Nd6 Rd3 45.h5 g5 
46.Nxf5+ exf5 47.Qxf5 Rd1+ 48.Kh2 Qb6 49.e6 Qd6+ 
50.g3 Kh8 51.Qg6 Bf8 52.Re2 Qd5 53.Re4 a2 54.e7 
Bxe7 55.Qe8+ Qg8 56.Qxe7 a1Q 57.Qf6+ Qg7 
58.Re8+ 1-0

[Event "HCL-A2527"]
[Site "www.playchess.de"]
[Date "2006.01.16"]
[Round "35"]
[White "seisan"]
[Black "dynamike"]
[WhiteElo "1491"]
[BlackElo "1475"]
[PlyCount "83"]
[Result "1-0"]

1.e4 c5 2.c3 d5 3.e5 Nc6 4.d4 e6 5.Be2 Nge7 6.Nf3 
h6 7.O-O Nf5 8.Nbd2 cxd4 9.cxd4 Ncxd4 10.Nxd4 Nxd4 
11.Bd3 Nc6 12.Nf3 Qc7 13.Re1 Bc5 14.Bf4 Qb6 15.Qe2 
Nb4 16.Bb5+ Bd7 17.Bxd7+ Kxd7 18.a3 Nc6 19.b4 Nd4 
20.Nxd4 Bxd4 21.Rac1 Rac8 22.Bg3 Rc6 23.b5 Rc5 
24.a4 Rhc8 25.Rxc5 Rxc5 26.Qg4 g6 27.h4 Rc4 28.Qf3 
Ke7 29.Qf6+ Ke8 30.Kh2 Bc5 31.f4 Rxa4 32.h5 gxh5 
33.Qxh6 Qxb5 34.Qxh5 a5 35.f5 Qd7 36.f6 b5 37.Qh8+ 
Bf8 38.Rc1 b4 39.Bf2 Ra2 40.Bc5 Qa4 41.Qxf8+ Kd7 
42.Qd6+ 1-0

[Event "HCL-T253"]
[Site "www.playchess.de"]
[Date "2006.01.16"]
[Round "5"]
[White "mrchess"]
[Black "lostpawn2000"]
[WhiteElo "1438"]
[BlackElo "1194"]
[PlyCount "63"]
[Result "1-0"]

1.e4 c6 2.d4 d5 3.Nc3 dxe4 4.Nxe4 Nd7 5.Nf3 Ngf6 
6.Nxf6+ Nxf6 7.c3 Bf5 8.Qb3 Qc7 9.Ne5 e6 10.Bd3 
Bxd3 11.Nxd3 Bd6 12.g3 O-O 13.Bf4 b6 14.O-O Bxf4 
15.Nxf4 Nd5 16.Nxd5 exd5 17.Rfe1 Rfe8 18.f4 f5 
19.Re5 Re7 20.Rxf5 Rae8 21.Re5 R7xe5 22.fxe5 Qd7 
23.Rf1 h6 24.Qd1 Rf8 25.Rxf8+ Kxf8 26.Qf3+ Qf7 
27.Qxf7+ Kxf7 28.Kf1 h5 29.b3 c5 30.Ke2 Ke6 31.Ke3 
g5 32.h3 1-0

[Event "HCL-E1533"]
[Site "www.playchess.de"]
[Date "2006.01.16"]
[Round "1"]
[White "HOTSUN"]
[Black "BohdanL"]
[WhiteElo "1626"]
[BlackElo "1466"]
[PlyCount "49"]
[Result "1-0"]

1.e4 {hi again}  g6 {hi,goog game}  2.Nc3 Bg7 3.b3 
{u2}  d6 4.Bb2 c6 5.Nf3 a6 6.Be2 Nf6 7.d3 O-O 
8.O-O Nbd7 9.Re1 b5 10.a3 Nb6 11.d4 e6 12.Bc1 h6 
13.Be3 Nbd7 14.b4 Nb6 15.Qd2 Qc7 16.Bxh6 e5 
17.Bxg7 Kxg7 18.h3 Bb7 19.dxe5 dxe5 20.Red1 Rad8 
21.Qe3 Nh5 22.g3 Qc8 23.Qxb6 Ba8 24.Nxe5 Qxh3 
25.Bg4 1-0

[Event "HCL-B3714"]
[Site "www.playchess.de"]
[Date "2006.01.16"]
[Round "16"]
[White "handrej68"]
[Black "adamant"]
[WhiteElo "1446"]
[BlackElo "1251"]
[PlyCount "63"]
[Result "1-0"]

1.d4 {hallo, good game}  d5 2.Bg5 f6 3.Bf4 Nc6 
4.Nf3 Bf5 5.c3 e6 6.e3 Bd6 7.Bxd6 Qxd6 8.Bd3 Bg4 
9.Nbd2 Nge7 10.Qc2 e5 11.dxe5 Nxe5 12.O-O O-O 
13.Bxh7+ Kf7 14.Nxe5+ Qxe5 15.h3 Bf5 16.Bxf5 Nxf5 
17.Nf3 Qe6 18.Rfe1 c5 19.e4 dxe4 20.Qxe4 Qd7 
21.Rad1 Qc8 22.g4 Nh6 23.Qd5+ Kg6 24.Nh4+ Kh7 
25.Qh5 Kg8 26.Ng6 Re8 27.Re7 Qc6 28.Rdd7 Rxe7 
29.Nxe7+ Kf8 30.Nxc6 bxc6 31.Qxc5+ Kg8 
32.Qe7 1-0

[Event "HCL-B3650"]
[Site "www.playchess.de"]
[Date "2006.01.16"]
[Round "7"]
[White "scotty4u"]
[Black "Genesio"]
[WhiteElo "1295"]
[BlackElo "1071"]
[PlyCount "89"]
[Result "1/2-1/2"]

1.e4 c5 2.Bc4 e6 3.Nf3 d5 4.exd5 exd5 5.Bb5+ Bd7 
6.Nc3 Nf6 7.O-O Be7 8.d4 Bxb5 9.Nxb5 a6 10.Nc3 O-O 
11.Re1 b6 12.Bg5 Nbd7 13.dxc5 Bxc5 14.Nxd5 h6 
15.Nxf6+ Nxf6 16.Qxd8 Raxd8 17.Bxf6 gxf6 18.Rad1 
Rxd1 19.Rxd1 Re8 20.Re1 Rxe1+ 21.Nxe1 Kg7 22.Nd3 
Bd4 23.c3 Be5 24.f4 Bd6 25.b4 Kg6 26.g3 Kf5 27.Kg2 
Ke4 28.Nb2 b5 29.Kf2 Bc7 30.Ke2 Bb6 31.c4 f5 32.c5 
Bc7 33.Nd3 a5 34.a3 a4 35.c6 Kd5 36.Ne5 Bxe5 
{(offering draw)}  37.fxe5 Kxc6 38.Ke3 Kd5 39.Kf4 
Ke6 {(offering draw)}  40.h3 f6 41.exf6 Kxf6 
42.Ke3 Ke5 43.g4 fxg4 44.hxg4 Kd5 45.Kd3 
{(offering draw)}  1/2-1/2

[Event "HCL-B3831"]
[Site "www.playchess.de"]
[Date "2006.01.16"]
[Round "20"]
[White "RUDI"]
[Black "DTW"]
[WhiteElo "1237"]
[BlackElo "1287"]
[PlyCount "43"]
[Result "1-0"]

1.e4 {Hello from Germany!}  e5 {Hello.}  2.Nc3 Nc6 
3.Bc4 Nf6 4.Nf3 d6 5.d3 Bg4 6.h3 Bh5 7.g4 Bg6 
8.Be3 Be7 9.Qd2 O-O 10.g5 Nd7 11.Nd5 Rc8 12.Nxe7+ 
Qxe7 13.O-O-O Nb6 14.Bb3 Nd4 15.Nxd4 exd4 16.Bxd4 
c6 17.f4 d5 18.f5 Bh5 19.Rde1 c5 20.f6 gxf6 
21.gxf6 Qd6 22.Rhg1+ 1-0

[Event "HCL-M811"]
[Site "www.playchess.de"]
[Date "2006.01.16"]
[Round "10"]
[White "Nimzoindianboy"]
[Black "ETC_Chess"]
[WhiteElo "1541"]
[BlackElo "2128"]
[PlyCount "65"]
[Result "1-0"]

1.Nf3 d5 {Hello and good luck!}  2.c4 {gl for u 
too}  c6 3.b3 Nf6 4.d3 dxc4 5.bxc4 e5 6.Bb2 e4 
7.Nfd2 e3 8.fxe3 Ng4 9.Nf3 Nxe3 10.Qd2 Bb4 11.Bc3 
Bxc3 12.Nxc3 Qe7 13.Ne4 Nxc4 14.dxc4 Qxe4 15.e3 
O-O 16.Bd3 Qe7 17.O-O Nd7 18.Qc2 Qxe3+ 19.Kh1 Qh6 
20.Rae1 Nc5 21.Be2 Be6 22.Nd4 Rad8 23.Nxe6 fxe6 
24.Bf3 Rd2 25.Qc1 Nd3 26.Rxe6 Nxc1 27.Rxh6 gxh6 
28.Rxc1 Rxa2 29.Rb1 Rf7 30.h3 Re7 31.Kh2 Kg7 
32.Kg3 a5 33.Kf4 1-0

[Event "HCL-C4065"]
[Site "www.playchess.de"]
[Date "2006.01.16"]
[Round "15"]
[White "ocluanain"]
[Black "nico21"]
[WhiteElo "1040"]
[BlackElo "1472"]
[PlyCount "62"]
[Result "0-1"]

1.e4 {good luck.
}  c5 2.Nf3 d6 3.Nc3 Nf6 4.Bb5+ Bd7 5.O-O Bxb5 
6.Nxb5 e6 7.d3 h6 8.b3 Qa5 9.c4 a6 10.Na3 d5 
11.cxd5 exd5 12.exd5 Nxd5 13.Re1+ Be7 14.Qe2 Nc6 
15.Nc4 Qc7 16.Nce5 O-O 17.Qe4 Ndb4 18.Bf4 Nc2 
19.Rad1 Nxe1 20.Rxe1 Bd6 21.Bxh6 Nxe5 22.Nxe5 Bxe5 
23.Qg4 Bf6 24.h3 Rfe8 25.Rc1 Re6 26.f4 Rae8 27.Kh2 
Kh8 28.Rc2 gxh6 29.Qh5 Bg7 30.Rxc5 Qxf4+ 31.g3 
Qf2+ 0-1

[Event "HCL-B3820"]
[Site "www.playchess.de"]
[Date "2006.01.16"]
[Round "12"]
[White "Saladin"]
[Black "dynamike"]
[WhiteElo "1379"]
[BlackElo "1610"]
[PlyCount "23"]
[Result "1-0"]

1.d4 Nf6 2.g3 g6 3.Bg2 Bg7 4.c3 O-O 5.Na3 c6 6.Nf3 
d6 7.Qb3 Re8 8.Bg5 Ne4 9.Nd2 Nxd2 10.Bxd2 b5 
11.Nxb5 cxb5 12.Bxa8 1-0

[Event "ACL-A646"]
[Site "www.playchess.de"]
[Date "2006.01.16"]
[Round "6"]
[White "shaon"]
[Black "WolfPlayer"]
[WhiteElo "1500"]
[BlackElo "1500"]
[PlyCount "47"]
[Result "1-0"]

1.g3 e5 2.Bg2 d5 3.b3 Nf6 4.Bb2 Bd6 5.Nf3 Qe7 
6.O-O O-O 7.d3 c5 8.Nbd2 Nc6 9.c4 d4 10.a3 Bd7 
11.Ne4 Nxe4 12.dxe4 f5 13.exf5 Bxf5 14.Re1 e4 
15.Nh4 Bd7 16.Qb1 g5 17.Bxe4 gxh4 18.e3 hxg3 
19.fxg3 Rae8 20.exd4 cxd4 21.Bd5+ Kh8 22.Rxe7 Rxe7 
23.Bxc6 Bxc6 24.Bxd4+ 1-0

[Event "HCL-C4065"]
[Site "www.playchess.de"]
[Date "2006.01.16"]
[Round "7"]
[White "mudelta"]
[Black "Viking"]
[WhiteElo "1125"]
[BlackElo "601"]
[PlyCount "51"]
[Result "1-0"]

1.e4 {hi gl}  Nf6 2.d3 c5 3.Nf3 d6 4.Nc3 g6 5.Bd2 
Bg7 6.Be2 Nc6 7.Be3 Bg4 8.Qd2 O-O 9.Bh6 Nd4 
10.O-O-O Bxh6 11.Qxh6 Nxf3 12.gxf3 Be6 13.Rdg1 d5 
14.h4 Nh5 15.f4 Nxf4 16.Bf3 Qd7 17.Ne2 dxe4 
18.Nxf4 Rfd8 19.h5 Qd4 20.Nxe6 fxe6 21.hxg6 Qf6 
22.gxh7+ Kh8 23.Rg8+ Rdxg8 24.hxg8Q+ Kxg8 25.Rg1+ 
Kf7 26.Bh5+ 1-0

[Event "HCL-C4063"]
[Site "www.playchess.de"]
[Date "2006.01.16"]
[Round "14"]
[White "cla114"]
[Black "Ulpe"]
[WhiteElo "825"]
[BlackElo "1473"]
[PlyCount "70"]
[Result "0-1"]

1.e4 c5 2.Nc3 Nc6 3.Nf3 d6 4.Bc4 Nf6 5.d3 e6 6.O-O 
Be7 7.Bg5 O-O 8.Qe2 a6 9.e5 dxe5 10.Nxe5 Nd4 
11.Qd2 b5 12.Bb3 Bb7 13.Rae1 a5 14.a4 Nxb3 15.cxb3 
b4 16.Nb5 Qd5 17.f3 Qxb3 18.Qd1 Qxd1 19.Rexd1 h6 
20.Bf4 Nd5 21.Bc1 Ba6 22.Nd7 Bxb5 23.axb5 Rfd8 
24.Ne5 Rdb8 25.d4 Rxb5 26.dxc5 Bxc5+ 27.Kh1 a4 
28.Rd3 a3 29.bxa3 bxa3 30.Bd2 a2 31.Ra1 Rb1+ 
32.Bc1 {congrats}  Rxa1 33.Rd1 Rxc1 34.Rxc1 a1Q 
35.Rxa1 Rxa1+ 0-1

[Event "HCL-A2546"]
[Site "www.playchess.de"]
[Date "2006.01.16"]
[Round "18"]
[White "stevetilbury"]
[Black "MimiSiku"]
[WhiteElo "1550"]
[BlackElo "1507"]
[PlyCount "71"]
[Result "1-0"]

1.Nf3 c6 2.g3 d5 3.Bg2 Nf6 4.O-O Bf5 5.d3 Nbd7 
6.Nbd2 e5 7.Nh4 Bg4 8.c4 Bc5 9.a3 O-O 10.b4 Bb6 
11.Bb2 Bc7 12.Qe1 Re8 13.e4 d4 14.h3 Be6 15.f4 Nf8 
16.fxe5 Bxe5 17.Ndf3 Bc8 18.Nxe5 Rxe5 19.Nf3 Re8 
20.Nxd4 N8d7 21.Nf5 Ne5 22.Bxe5 Rxe5 23.Qc3 Re6 
24.Rae1 Re8 25.c5 Bxf5 26.Rxf5 Re6 27.Ref1 Qe7 
28.g4 Rf8 29.a4 Nd7 30.d4 f6 31.d5 cxd5 32.exd5 
Re5 33.d6 Qe6 34.Bxb7 Re3 35.Bd5 Rxc3 
36.Bxe6+ 1-0

[Event "HCL-B3718"]
[Site "www.playchess.de"]
[Date "2006.01.16"]
[Round "22"]
[White "adamant"]
[Black "Grunert"]
[WhiteElo "1251"]
[BlackElo "939"]
[PlyCount "103"]
[Result "1-0"]

1.d4 d5 2.Nc3 e6 3.Nf3 Nc6 4.Bf4 Nf6 5.h3 Be7 6.e3 
O-O 7.a3 h6 8.Bd3 b6 9.O-O Bb7 10.Nb5 Rc8 11.Ne5 
Nxe5 12.dxe5 Nd7 13.Qd2 a6 14.Nc3 Bg5 15.g3 Bxf4 
16.exf4 Nc5 17.Rad1 Qd7 18.b4 Nxd3 19.Qxd3 Rca8 
20.Ne2 a5 21.bxa5 Rxa5 22.Nd4 Ba6 23.Qd2 Bxf1 
24.Kxf1 Rxa3 25.f5 exf5 26.Qf4 Ra5 27.Nxf5 c6 
28.Nd6 Re8 29.Nxe8 Qxe8 30.Re1 b5 31.Qf5 Ra4 32.e6 
fxe6 33.Rxe6 Qd7 34.Qg6 Ra1+ 35.Kg2 d4 36.Rxc6 
Qd5+ 37.f3 Qd8 38.Re6 d3 39.Re8+ Qxe8 40.Qxe8+ Kh7 
41.cxd3 Ra2+ 42.Kf1 Ra1+ 43.Ke2 Ra2+ 44.Ke3 Ra1 
45.Kd4 Ra4+ 46.Kc5 Ra3 47.Qe4+ Kh8 48.Kxb5 Rb3+ 
49.Kc4 Ra3 50.Kb4 Ra1 51.d4 Rb1+ 
52.Qxb1 1-0

[Event "HCL-M844"]
[Site "www.playchess.de"]
[Date "2006.01.16"]
[Round "25"]
[White "DeepFrank"]
[Black "DePoelmeester"]
[WhiteElo "2097"]
[BlackElo "1636"]
[PlyCount "53"]
[Result "1-0"]

1.d4 {Hello and good game!}  d5 2.c4 c6 3.Nf3 e6 
4.e3 Nf6 5.Nc3 Bb4 6.Bd3 Ne4 7.Qc2 Qa5 8.Bd2 Bxc3 
9.bxc3 Nxd2 10.Nxd2 Nd7 11.O-O Nf6 12.Rfe1 O-O 
13.e4 dxe4 14.Nxe4 Nxe4 15.Rxe4 g6 16.h4 c5 17.h5 
Qd8 18.hxg6 hxg6 19.Rg4 e5 {nice move!}  20.Rg3 
{Thank you!}  cxd4 21.Bxg6 Kh8 22.Qe4 Qf6 23.Rf3 
Qe7 24.Bf5 Bxf5 25.Qxf5 f6 26.Rh3+ Kg8 
27.Qh5 1-0

[Event "HCL-B3775"]
[Site "www.playchess.de"]
[Date "2006.01.16"]
[Round "16"]
[White "Regicide"]
[Black "ama49"]
[WhiteElo "986"]
[BlackElo "1192"]
[PlyCount "50"]
[Result "0-1"]

1.e4 e5 2.Nf3 {Maybe, just maybe, this time...?}  
Nc6 {!!}  3.c3 Nf6 4.d3 d5 5.Bg5 dxe4 6.d4 exf3 
7.Qxf3 Be7 8.Bb5 O-O 9.Bxf6 Bxf6 10.d5 Ne7 11.c4 
Bd7 12.Nc3 Bxb5 13.Nxb5 c6 14.d6 cxb5 15.dxe7 Qxe7 
16.O-O bxc4 17.Rac1 b5 18.Rfe1 Rae8 19.Re4 Qb4 
20.b3 Qa3 21.bxc4 Qxf3 22.gxf3 Rec8 23.c5 Rc6 
24.f4 exf4 25.Rxf4 Bg5 0-1

[Event "HCL-B3697"]
[Site "www.playchess.de"]
[Date "2006.01.16"]
[Round "11"]
[White "zemljanin"]
[Black "Regicide"]
[WhiteElo "1360"]
[BlackElo "921"]
[PlyCount "49"]
[Result "1-0"]

1.d4 {hello}  d5 {Howdy}  2.c4 c6 3.Nc3 dxc4 4.e4 
e6 5.Bxc4 Be7 6.Nf3 Nd7 7.b3 Bb4 8.Bb2 Qa5 9.Qc2 
Bxc3+ 10.Bxc3 Qc7 11.e5 Ne7 12.O-O b5 13.Bd3 Nd5 
14.Bd2 f6 15.Bxh7 Nf8 16.Bg6+ Ke7 17.exf6+ gxf6 
18.Be4 f5 19.Bxd5 exd5 20.Bg5+ Ke6 21.Rfe1+ Kf7 
22.Re7+ Qxe7 23.Bxe7 Kxe7 24.Re1+ Kf6 
25.Qxc6+ 1-0

[Event "HCL-C3982"]
[Site "www.playchess.de"]
[Date "2006.01.16"]
[Round "15"]
[White "Decio"]
[Black "IRONMAIDEN"]
[WhiteElo "765"]
[BlackElo "1483"]
[PlyCount "93"]
[Result "1-0"]

1.e4 e5 {hi}  2.Nf3 {hi good luck}  Nc6 3.Bb5 a6 
4.Bxc6 dxc6 5.Nxe5 Bd6 6.d4 Bxe5 7.dxe5 Qxd1+ 
8.Kxd1 Be6 9.Nc3 O-O-O+ 10.Bd2 Ne7 11.Kc1 Ng6 
12.f4 f5 13.b3 Rd7 14.h3 Rhd8 15.Rd1 Nh4 16.g4 
fxg4 17.f5 Bf7 18.e6 Bxe6 19.fxe6 R7d6 20.Bg5 
R6xd1+ 21.Nxd1 Re8 22.Bxh4 gxh3 23.Bg3 Rxe6 24.Nf2 
Rg6 25.Be5 h2 26.Kb2 Rg2 27.Rf1 Rxf2 28.Rh1 Kd7 
29.Rxh2 Rxh2 30.Bxh2 Ke6 31.Kc3 g5 32.Bxc7 h5 
33.Kd2 h4 34.Ke2 c5 35.c4 Kd7 36.Bb8 Ke6 
{(offering draw)}  37.Kf3 b5 38.Kg4 bxc4 39.bxc4 
a5 40.a4 Kf6 41.Bc7 Kg6 42.Bxa5 h3 43.Kxh3 Kf6 
44.Kg4 Ke5 45.Bb6 Kxe4 46.a5 Kd4 
47.a6 1-0

[Event "HCL-C4071"]
[Site "www.playchess.de"]
[Date "2006.01.16"]
[Round "17"]
[White "IRONMAIDEN"]
[Black "Gordon"]
[WhiteElo "1372"]
[BlackElo "961"]
[PlyCount "53"]
[Result "1-0"]

1.e4 c5 2.Bc4 e6 3.d3 Nf6 4.Bg5 Be7 5.Bxf6 Bxf6 
6.c3 Nc6 7.Nf3 Ne5 8.Nxe5 Bxe5 9.O-O O-O 10.Nd2 
Qb6 11.Rb1 Qc6 12.Nf3 Bf4 13.g3 Bc7 14.a3 b5 
15.Bb3 c4 16.Bc2 d5 17.exd5 exd5 18.Nd4 Qd7 
19.dxc4 bxc4 20.Qd2 Qh3 21.Rbe1 Bg4 22.Re3 f5 
23.Ne6 Rfc8 24.Qxd5 f4 25.Nxf4+ Be6 26.Nxe6 Rab8 
27.Nf4+ {looks like I win this on, you the other 
one}  1-0

[Event "HCL-E1529"]
[Site "www.playchess.de"]
[Date "2006.01.16"]
[Round "4"]
[White "reddog"]
[Black "gambitfan"]
[WhiteElo "1847"]
[BlackElo "1363"]
[PlyCount "27"]
[Result "0-1"]

1.d4 Nf6 2.c4 e6 3.Nf3 {May I wish u a Merry Xmas 
& a happy, prosperous & winning new year}  d5 
{thank you and the same to you too !}  4.Bg5 Be7 
5.Nc3 h6 6.Bh4 O-O 7.Qc2 b6 8.e3 Bb7 9.Be2 Nbd7 
10.O-O {Have you given up on the other game?}  c5 
11.dxc5 Nxc5 12.Rad1 Nfe4 13.Bxe7 Qxe7 
14.Nxe4 0-1

[Event "HCL-M803"]
[Site "www.playchess.de"]
[Date "2006.01.16"]
[Round "36"]
[White "BDG_Girl"]
[Black "ETC_Chess"]
[WhiteElo "1922"]
[BlackElo "2150"]
[PlyCount "56"]
[Result "0-1"]

1.d4 {Hello again and good luck!}  d5 {Here we go 
again!}  2.e4 e6 3.e5 c5 4.c3 Nc6 5.Nf3 Qb6 6.a3 
c4 7.Nbd2 Na5 8.Be2 Bd7 9.O-O Ne7 10.Ng5 Nf5 
11.Qc2 Be7 12.Ngf3 O-O 13.Rb1 Rac8 14.Re1 Be8 
15.Bd1 f6 16.exf6 Bxf6 17.Ra1 Nh4 18.Nxh4 Bxh4 
19.Bf3 Bg6 20.Qa4 Rce8 21.Qd7 Kh8 22.h3 Nc6 23.Qd6 
Red8 24.Qc5 Qxc5 25.dxc5 e5 26.Nf1 e4 {Merry 
Christmas and Happy New Year!}  27.g3 Rxf3 28.gxh4 
Rxh3 0-1

[Event "HCL-M881"]
[Site "www.playchess.de"]
[Date "2006.01.16"]
[Round "10"]
[White "docjan"]
[Black "dynachess"]
[WhiteElo "2212"]
[BlackElo "2242"]
[PlyCount "40"]
[Result "1/2-1/2"]

1.e4 {Good Luck ! Jan}  e6 {Thanks. Have a good 
game}  2.d4 c5 3.Nf3 cxd4 4.Nxd4 a6 5.Bd3 Nf6 
6.O-O Qc7 7.Qe2 d6 8.f4 Nbd7 9.Kh1 Be7 10.Nd2 O-O 
11.N2f3 Nc5 12.Bd2 d5 13.exd5 Nxd5 14.Ne5 f6 
15.Nef3 Nxf4 16.Bxf4 Qxf4 17.Bc4 Kh8 18.Bxe6 Nxe6 
19.Nxe6 Bxe6 20.Qxe6 Bc5 {(offering draw) Now 
looks like drawish ending.}  1/2-1/2

[Event "HCL-E1487"]
[Site "www.playchess.de"]
[Date "2006.01.16"]
[Round "12"]
[White "baggur"]
[Black "Glomp"]
[WhiteElo "1632"]
[BlackElo "1668"]
[PlyCount "111"]
[Result "1-0"]

1.e4 {greetings from Reykjavik Iceland}  c5 
{greetings from Hannover Germany}  2.Nf3 e6 3.d4 
cxd4 4.Nxd4 Nf6 5.Nc3 d6 6.Bg5 Nc6 7.Qd2 a6 
8.O-O-O h6 9.Be3 Be7 10.f3 Nxd4 11.Bxd4 b5 12.Bd3 
e5 13.Be3 Be6 14.Kb1 Rb8 15.g4 b4 16.Ne2 a5 17.Ng3 
O-O 18.Nf5 d5 19.Nxh6+ gxh6 20.Bxh6 Nh7 21.Bxf8 
Nxf8 22.h4 a4 23.h5 b3 24.cxb3 axb3 25.a3 Bg5 
26.Qe2 d4 27.Bc4 Qf6 28.Rhf1 Qf4 29.Bxe6 Nxe6 
30.Qc4 Kg7 31.Rd3 Rb7 32.Rxb3 Rc7 33.Qd5 Rc1+ 
34.Rxc1 Qxc1+ 35.Ka2 Bf4 36.Rb7 Qc8 37.Rd7 Kf6 
38.Rd6 Ke7 39.Rc6 Qb8 40.b4 Qa7 41.Qd6+ Kf6 
42.Qd8+ Kg7 43.h6+ Bxh6 44.Rxe6 fxe6 45.g5 Qf7 
46.gxh6+ Kxh6 47.Qh8+ Kg6 48.Qxe5 d3 49.Kb3 d2 
50.Qg3+ Kh7 51.Kc2 Qd7 52.Qh2+ Kg7 53.Qxd2 Qa4+ 
54.Kb2 Qb5 55.f4 Kf7 56.Kb3 1-0

[Event "HCL-B3791"]
[Site "www.playchess.de"]
[Date "2006.01.16"]
[Round "5"]
[White "JMD"]
[Black "maus"]
[WhiteElo "1396"]
[BlackElo "1257"]
[PlyCount "70"]
[Result "0-1"]

1.d4 {hello from Paris}  e6 {hello from Tel-aviv!} 
 2.e4 c5 3.c3 cxd4 4.cxd4 Nf6 5.Bg5 Qa5+ 6.Bd2 Qb6 
7.Qc2 Nc6 8.Bc3 Bb4 9.Bxb4 Qxb4+ 10.Nd2 Nxd4 
{Merry Crishtmas and happy New year!}  11.Qc1 Nxe4 
12.a3 Qxd2+ 13.Qxd2 Nxd2 14.Rd1 N2b3 15.Bc4 O-O 
16.Rd3 Na1 17.Rd1 Nab3 18.Nh3 d5 19.Bxb3 Nxb3 
20.O-O Nc5 21.Nf4 Ne4 22.f3 Nf6 23.Rdc1 e5 24.Ne2 
b6 25.Rc7 Ba6 26.Re1 Bxe2 27.Rxe2 Rfe8 28.Rec2 e4 
29.fxe4 dxe4 30.Re2 b5 31.Kf2 Ng4+ 32.Kg3 f5 33.h3 
Ne5 34.Kf4 g6 35.Rc5 Nd3+ 0-1

[Event "HCL-B3624"]
[Site "www.playchess.de"]
[Date "2006.01.16"]
[Round "4"]
[White "cyslim007"]
[Black "Raji-Paji"]
[WhiteElo "1379"]
[BlackElo "1139"]
[PlyCount "89"]
[Result "1-0"]

1.e4 e5 2.Nf3 Nc6 3.Bb5 a6 4.Ba4 Nf6 5.O-O b5 
6.Bb3 Be7 7.Re1 O-O 8.c3 d5 9.exd5 Nxd5 10.Nxe5 
Nxe5 11.Rxe5 Bb7 12.d4 Bd6 13.Re1 Nf4 14.f3 Qg5 
15.g3 Qg6 16.Kf2 Nh5 17.f4 Nf6 18.Nd2 c5 19.Nf3 
Ng4+ 20.Kg1 Kh8 21.Ne5 Nxe5 22.fxe5 Be7 23.d5 c4 
24.Bc2 Qb6+ 25.Be3 Bc5 26.Bxc5 Qxc5+ 27.Qd4 Qxd5 
28.Be4 Qxd4+ 29.cxd4 Bxe4 30.Rxe4 Rad8 31.Kf2 Rfe8 
32.Rd1 Kg8 33.Ke3 Re7 34.Kf4 Red7 35.Ke3 g6 36.e6 
fxe6 37.Rxe6 a5 38.Ke4 b4 39.Rc6 b3 40.Rxc4 bxa2 
41.Ra4 Ra8 42.Rxa2 a4 43.b3 a3 44.b4 Kf7 
45.Ke5 1-0

[Event "HCL-A2556"]
[Site "www.playchess.de"]
[Date "2006.01.16"]
[Round "6"]
[White "Andy1"]
[Black "Kinslayer"]
[WhiteElo "1446"]
[BlackElo "1714"]
[PlyCount "50"]
[Result "0-1"]

1.e4 c5 {Hi!}  2.Nf3 Nc6 3.d4 cxd4 4.Nxd4 Nf6 
5.Nc3 e5 6.Nxc6 bxc6 7.Bd3 Bb4 8.Bd2 O-O 9.O-O d5 
10.exd5 cxd5 11.a3 Ba5 12.Re1 Bc7 13.Bg5 Be6 14.h3 
e4 15.Be2 Qd6 16.g3 Nd7 17.Bf4 Ne5 18.Nb5 Qe7 
19.Nxc7 Qxc7 20.Kg2 f6 21.Rc1 Qd7 22.Bxe5 fxe5 
23.h4 Rad8 24.c3 Bh3+ 25.Kg1 Qf5 0-1

[Event "HCL-C3968"]
[Site "www.playchess.de"]
[Date "2006.01.16"]
[Round "13"]
[White "garden"]
[Black "alauddin"]
[WhiteElo "1128"]
[BlackElo "937"]
[PlyCount "109"]
[Result "1-0"]

1.e4 e5 2.Nf3 Nf6 3.d3 Nc6 4.Bg5 Bb4+ 5.c3 Be7 
6.d4 Nxe4 7.Bxe7 Qxe7 8.Qd3 d5 9.dxe5 Qc5 10.Nd4 
Nxe5 11.Qe3 O-O 12.b4 Qd6 13.Nb5 d4 14.Qxe4 Qe6 
15.Nxc7 Nf3+ 16.gxf3 Qxe4+ 17.fxe4 Rb8 18.cxd4 Bg4 
19.Be2 Rbc8 20.f3 Rxc7 21.fxg4 Rc1+ 22.Bd1 Re8 
23.Kd2 Rec8 24.Re1 R1c4 25.Na3 Rxd4+ 26.Ke3 Rcd8 
27.Nb5 Rxb4 28.Nc7 Rdd4 29.Bf3 Rba4 30.Nb5 Rdb4 
31.Rad1 g6 32.Rd8+ Kg7 33.Nd6 Rxa2 34.g5 Ra3+ 
35.Kf4 Rbb3 36.Ne8+ Kf8 37.Nf6+ Ke7 38.Re8+ Kd6 
39.Rd1+ Kc5 40.Rc8+ Kb6 41.Nd7+ Ka5 42.Rd5+ Ka6 
43.Be2+ b5 44.Nb8+ Ka5 45.Nc6+ Ka4 46.Nxa7 Ra2 
47.Bxb5+ Ka3 48.Ke5 Rxh2 49.Bc4 Rb4 50.Ra5+ Ra4 
51.Nb5+ Kb4 52.Rxa4+ Kxa4 53.Nc3+ Kb4 54.Nd5+ Ka5 
55.Ra8+ 1-0